| 000 | 00513nam a22001457a 4500 | ||
|---|---|---|---|
| 005 | 20260422111917.0 | ||
| 008 | 260422b |||||||| |||| 00| 0 eng d | ||
| 050 |
_aRES HF 5549. M64 2017 _bC.1 |
||
| 100 | _aMOGENI,MACKLINE | ||
| 245 |
_aAN ASSESSMENT OF THE EFFECTS OF HUMAN RESOURCE MANAGEMENT PRACTICES ON EMPLOYEE PERFORMANCE _bA CASE STUDY OF WAKENYA PAMOJA SACCO OGEMBO BRANCH, KISII COUNTY |
||
| 260 |
_aKISII _bKSU _c2017 |
||
| 300 | _aXii, 29p, ill. | ||
| 500 | _aINCLUDES REFERENCES | ||
| 942 |
_2lcc _cREF |
||
| 999 |
_c217047 _d217047 |
||